| 000 | 01094nam a2200253 a 4500 | ||
|---|---|---|---|
| 001 | 80828 | ||
| 003 | BD-RjUL | ||
| 005 | 20231112122346.0 | ||
| 008 | 221122s2012 bg a|||| m||| 00| 0 eng d | ||
| 035 | _a(BD-RjUL)80828 | ||
| 040 |
_aBD-RjUL _beng _cBD-RjUL _dBD-RjUL |
||
| 041 | _aeng | ||
| 082 |
_223 _a540 _bKHC 2012 |
||
| 100 |
_aKhan, Md. Mashiur Rahman _95973 |
||
| 245 | 1 | 0 |
_6Supervisor : Md. Ibrahim H. Mondal ; Co-Supervisor : Md. Zulhash Uddin _aCHEMICAL MODIFICATION BY WASHING OF DENIM READY-MADE GARMENTS (RMG) TO DEVELOP NOVEL DESIGNS / _cMd. Mashiur Rahman Khan ; |
| 260 |
_aRajshahi : _bDepartment of Applied Chemistry and Chemical Engineering, University of Rajshahi, _c2012 |
||
| 300 |
_axxvi, 218 leaves : _bill.; _c29 cm. |
||
| 502 | _aThesis(Ph.D.)-- Department of Applied Chemistry and Chemical Engineering,University of Rajshahi,2012 | ||
| 504 | _aReferences : Leaves 209-216 | ||
| 650 |
_aDenim bleach wash colour shade cotton _95974 |
||
| 700 |
_aMondal, Md. Ibrahim H. Supervisor _93989 |
||
| 700 |
_aUddin, Md. Zulhash, Co-Supervisor _95975 |
||
| 942 |
_2ddc _cTHE |
||
| 999 |
_c80828 _d80828 |
||